<?xml version="1.0" encoding="UTF-8"?>
<record
    xmlns:xsi="http://www.w3.org/2001/XMLSchema-instance"
    xsi:schemaLocation="http://www.loc.gov/MARC21/slim http://www.loc.gov/standards/marcxml/schema/MARC21slim.xsd"
    xmlns="http://www.loc.gov/MARC21/slim">

  <leader>01088nam0a22003011  4500</leader>
  <controlfield tag="001">RU\INGAK2\INFOCOMM_322\NLR\5000115210</controlfield>
  <controlfield tag="005">20250810071843.0</controlfield>
  <datafield tag="035" ind1=" " ind2=" ">
    <subfield code="a">(NLR Aleph) 011024864</subfield>
  </datafield>
  <datafield tag="090" ind1=" " ind2=" ">
    <subfield code="a">11084310</subfield>
    <subfield code="c">11084310</subfield>
  </datafield>
  <datafield tag="100" ind1=" " ind2=" ">
    <subfield code="a">20121217d1944    u  y0rusy50      ca</subfield>
  </datafield>
  <datafield tag="101" ind1="0" ind2=" ">
    <subfield code="a">rum</subfield>
  </datafield>
  <datafield tag="102" ind1=" " ind2=" ">
    <subfield code="a">RU</subfield>
  </datafield>
  <datafield tag="105" ind1=" " ind2=" ">
    <subfield code="a">y z||||</subfield>
  </datafield>
  <datafield tag="200" ind1="1" ind2=" ">
    <subfield code="a">Patru ani de activitate &#xEE;n serviciul de informa&#x163;iuni</subfield>
    <subfield code="f">L. Lakaze</subfield>
  </datafield>
  <datafield tag="210" ind1=" " ind2=" ">
    <subfield code="a">Moscova</subfield>
    <subfield code="c">Ed. &#xEE;n limbi str&#x103;ine</subfield>
    <subfield code="d">1944</subfield>
  </datafield>
  <datafield tag="215" ind1=" " ind2=" ">
    <subfield code="a">129, [3] &#x441;.</subfield>
    <subfield code="d">16 &#x441;&#x43C;</subfield>
  </datafield>
  <datafield tag="300" ind1=" " ind2=" ">
    <subfield code="a">&#x41D;&#x430; 4-&#x439; &#x441;&#x442;&#x440;. &#x43E;&#x431;&#x43B;.: &#x41B;. &#x41B;&#x430;&#x43A;&#x430;&#x437;. &#x427;&#x435;&#x442;&#x44B;&#x440;&#x435; &#x433;&#x43E;&#x434;&#x430; &#x440;&#x430;&#x437;&#x432;&#x435;&#x434;&#x44B;&#x432;&#x430;&#x442;&#x435;&#x43B;&#x44C;&#x43D;&#x43E;&#x439; &#x440;&#x430;&#x431;&#x43E;&#x442;&#x44B;</subfield>
  </datafield>
  <datafield tag="606" ind1="0" ind2=" ">
    <subfield code="a">&#x41C;&#x438;&#x440;&#x43E;&#x432;&#x430;&#x44F; &#x432;&#x43E;&#x439;&#x43D;&#x430;</subfield>
    <subfield code="x">&#x424;&#x440;&#x430;&#x43D;&#x446;&#x443;&#x437;&#x441;&#x43A;&#x438;&#x435; &#x448;&#x43F;&#x438;&#x43E;&#x43D;&#x430;&#x436; &#x438; &#x43A;&#x43E;&#x43D;&#x442;&#x440;-&#x440;&#x430;&#x437;&#x432;&#x435;&#x434;&#x43A;&#x430;</subfield>
    <subfield code="z">1914-1918</subfield>
    <subfield code="2">nlr_sh1</subfield>
  </datafield>
  <datafield tag="620" ind1=" " ind2=" ">
    <subfield code="a">&#x41C;&#x43E;&#x441;&#x43A;&#x432;&#x430;</subfield>
  </datafield>
  <datafield tag="700" ind1=" " ind2="1">
    <subfield code="9">z01790</subfield>
    <subfield code="a">Lakaz</subfield>
    <subfield code="b">L.</subfield>
  </datafield>
  <datafield tag="790" ind1=" " ind2="1">
    <subfield code="9">z01700</subfield>
    <subfield code="a">Lakaze</subfield>
    <subfield code="b">L.</subfield>
    <subfield code="4">070</subfield>
  </datafield>
  <datafield tag="801" ind1=" " ind2="1">
    <subfield code="a">RU</subfield>
    <subfield code="b">InfoComm</subfield>
    <subfield code="c">20121217</subfield>
  </datafield>
  <datafield tag="801" ind1=" " ind2="0">
    <subfield code="a">RU</subfield>
    <subfield code="b">NLR</subfield>
    <subfield code="g">PSBO</subfield>
  </datafield>
  <datafield tag="852" ind1=" " ind2=" ">
    <subfield code="a">NLR</subfield>
    <subfield code="j">&#x418;25 &#x413;-1/8</subfield>
    <subfield code="y">2 &#x44D;&#x43A;&#x437;.</subfield>
  </datafield>
  <datafield tag="942" ind1=" " ind2=" ">
    <subfield code="c">BOOK</subfield>
  </datafield>
  <datafield tag="945" ind1=" " ind2=" ">
    <subfield code="a">&#x420;&#x43E;&#x441;&#x441;&#x438;&#x439;&#x441;&#x43A;&#x430;&#x44F; &#x43D;&#x430;&#x446;&#x438;&#x43E;&#x43D;&#x430;&#x43B;&#x44C;&#x43D;&#x430;&#x44F; &#x431;&#x438;&#x431;&#x43B;&#x438;&#x43E;&#x442;&#x435;&#x43A;&#x430;</subfield>
  </datafield>
  <datafield tag="980" ind1=" " ind2=" ">
    <subfield code="a">NB</subfield>
  </datafield>
  <datafield tag="980" ind1=" " ind2=" ">
    <subfield code="a">BV</subfield>
  </datafield>
</record>
